000 00602nam a2200241Ia 4500
003 OSt
005 20220924151926.0
006 a|||||r|||| 00| 0
007 ta
008 220923b |||||||| |||| 00| 0 mar d
020 _c160
024 _a339976
037 _cTextual
040 _aARTS
_cARTS
_bmar
041 _2mar
_amar
082 _aO155,2:gN, N5
100 _aPundey Datatrya
_9225316
245 0 _aAaajchey natakkar
260 _c1995
650 _aMARATHI LITERATURE
_938000
942 _hO155,2:gN, N5
_cTEXL
_2CC
999 _c468104
_d468104